| 000 | 01587nam a2200397 a 4500 | ||
|---|---|---|---|
| 001 | ebr10540865 | ||
| 003 | CaPaEBR | ||
| 006 | m u | ||
| 007 | cr cn||||||||| | ||
| 008 | 110901s2012 caua sb 001 0 eng d | ||
| 010 | _z 2011036582 | ||
| 020 | _z9781598746839 (hbk. : alk. paper) | ||
| 020 | _z9781598746846 | ||
| 020 | _z9781598746853 (e-book) | ||
| 040 |
_aCaPaEBR _cCaPaEBR |
||
| 035 | _a(OCoLC)779828992 | ||
| 050 | 1 | 4 |
_aH61.295 _b.D86 2012eb |
| 082 | 0 | 4 |
_a001.4/2 _223 |
| 245 | 0 | 0 |
_aDuoethnography _h[electronic resource] : _bdialogic methods for social, health, and educational research / _ceditors, Joe Norris, Richard Sawyer, Darren E. Lund. |
| 260 |
_aWalnut Creek, Calif. : _bLeft Coast Press, _cc2012. |
||
| 300 |
_a326 p. : _bill. |
||
| 490 | 1 |
_aDeveloping qualitative inquiry ; _vv. 7 |
|
| 504 | _aIncludes bibliographical references and index. | ||
| 533 |
_aElectronic reproduction. _bPalo Alto, Calif. : _cebrary, _d2013. _nAvailable via World Wide Web. _nAccess may be limited to ebrary affiliated libraries. |
||
| 650 | 0 | _aNarrative inquiry (Research method) | |
| 650 | 0 |
_aEthnology _xMethodology. |
|
| 650 | 0 |
_aQualitative research _xMethodology. |
|
| 650 | 0 | _aKnowledge, Sociology of. | |
| 655 | 7 |
_aElectronic books. _2local |
|
| 700 | 1 | _aNorris, Joe. | |
| 700 | 1 | _aSawyer, Richard. | |
| 700 | 1 | _aLund, Darren E. | |
| 710 | 2 | _aebrary, Inc. | |
| 830 | 0 |
_aDeveloping qualitative inquiry ; _vv. 7. |
|
| 856 | 4 | 0 |
_uhttp://site.ebrary.com/lib/rucke/Doc?id=10540865 _zAn electronic book accessible through the World Wide Web; click to view |
| 999 |
_c246122 _d246122 |
||